000 01073nam a22002657a 4500
005 20150129150609.0
008 140714b xxu||||| |||| 00| 0 Urdu d
010 _aUR-8532 B-548314
020 _c295.00
_a9788176503914
035 _aU-7087 B-548314
037 _bBPPD/Publishers/Venders
037 _bDBAD/Pub.
037 _bStar Pub.(Vend.)/Star PUB(Pub.)
040 _aDPL
_bUrdu
082 _a ک
100 _aمر تب :حيد ر بخش حيد ر ی
245 _aحا تم طا ئ :قصے
_cمر تب :حيد ر بخش حيد ر ی
246 _aHatimtai(Classic stories)
_bEdited bySyed Haider Baksh Haidari
260 _bStar Publictions
_bStar Publications.( Vender)
_c2013
260 _a4/5Asaf Ali Road,New Delhi-110002
270 _aSuit 4b,floor 15,Webbley point, 1 Harrow Road,Wemley H A 96 DE(U.K)
_bU.K.
300 _a152ص
_c22Cm(Pb)
942 _2ddc
_cUR
_mح ے د
_h ک
999 _c87846
_d87846